Wyland : (Record no. 22234)

000 -LEADER
fixed length control field 01368cam a22003134a 4500
001 - CONTROL NUMBER
control field 14387372
005 - DATE AND TIME OF LATEST TRANSACTION
control field 20170123155220.0
008 - FIXED-LENGTH DATA ELEMENTS--GENERAL INFORMATION
fixed length control field 060523s2006 mou 000 0deng
010 ## - LIBRARY OF CONGRESS CONTROL NUMBER
LC control number 2006045894
020 ## - INTERNATIONAL STANDARD BOOK NUMBER
International Standard Book Number 9780740760808
020 ## - INTERNATIONAL STANDARD BOOK NUMBER
International Standard Book Number 0740760807
050 00 - LIBRARY OF CONGRESS CALL NUMBER
Classification number N6537 .W94A35 2006
100 1# - MAIN ENTRY--PERSONAL NAME
Personal name Yow, John.
245 10 - TITLE STATEMENT
Title Wyland :
Remainder of title 25 years at sea /
Statement of responsibility, etc. written by John Yow ; preface by Wyland.
246 18 - VARYING FORM OF TITLE
Title proper/short title Wyland :
Remainder of title twenty-five years at sea
260 ## - PUBLICATION, DISTRIBUTION, ETC. (IMPRINT)
Place of publication, distribution, etc. Kansas City, MO :
Name of publisher, distributor, etc. Andrews McMeel Pub.,
Date of publication, distribution, etc. c2006.
300 ## - PHYSICAL DESCRIPTION
Extent 178 p. :
Other physical details col. ill. ;
Dimensions 32 cm.
600 00 - SUBJECT ADDED ENTRY--PERSONAL NAME
Personal name Wyland,
Dates associated with a name 1956-
650 #0 - SUBJECT ADDED ENTRY--TOPICAL TERM
Topical term or geographic name as entry element Marine mammals in art.
650 #0 - SUBJECT ADDED ENTRY--TOPICAL TERM
Topical term or geographic name as entry element Marine resources conservation.
700 0# - ADDED ENTRY--PERSONAL NAME
Personal name Wyland,
Dates associated with a name 1956-
856 42 - ELECTRONIC LOCATION AND ACCESS
Materials specified Publisher description
Uniform Resource Identifier <a href="http://www.loc.gov/catdir/enhancements/fy0664/2006045894-d.html">http://www.loc.gov/catdir/enhancements/fy0664/2006045894-d.html</a>
856 42 - ELECTRONIC LOCATION AND ACCESS
Materials specified Contributor biographical information
Uniform Resource Identifier <a href="http://www.loc.gov/catdir/enhancements/fy0740/2006045894-b.html">http://www.loc.gov/catdir/enhancements/fy0740/2006045894-b.html</a>
942 ## - ADDED ENTRY ELEMENTS (KOHA)
Source of classification or shelving scheme
Koha item type Hard Covered Materials
Holdings
Withdrawn status Lost status Source of classification or shelving scheme Damaged status Not for loan Home library Current library Shelving location Date acquired Source of acquisition Total Checkouts Full call number Barcode Date last seen Price effective from Koha item type
          MACHAKOS UNIVERSITY LIBRARY MACHAKOS UNIVERSITY LIBRARY Technical section 23/01/2017 Donation(BFA)   N6537 .W94A35 2006 31675 10/07/2018 23/01/2017 Hard Covered Materials
© Machakos University Library, Along The Highway, Machakos Wote Rd, Machakos, Kenya P.O. Box 136 - 90100 Machakos - Kenya

Tel: ( +254 ) 723 805829 OR Fax : 044-20353 OR Email: library@mksu.ac.ke